00624nam a2200205Ia 450000500170000000800410001702000120005804000190007004100120008908200170010110000190011824500690013726000330020630000110023965000310025085000100028194200070029199900170029895201030031520230321091906.0131103s9999 xx 000 0 und d cRs.8.00 aLoreto College aEnglish a891.441bGUP aGupta, Kshetra aPrachin kabyab Soundrya jignasa o naba mulayana cKshetra Gupta aKolkatabGrontho Niloyc1958 a288p.  aBengali poetry - Criticism aLCLIB cBK c20637d71116 00102ddc4070aMAINbMAINd2013-11-04l0o891.441 GUP 1079pB22560r2013-11-04w2013-11-04yBKf